| 000 | 00363nam a22001577a 4500 | ||
|---|---|---|---|
| 003 | OSt | ||
| 008 | 230520b |||||||| |||| 00| 0 eng d | ||
| 020 | _a978-81-7236-X | ||
| 100 | _aCSIR | ||
| 245 | _aWEALTH OF INDIA:RAW MATERILS:Pi-Z | ||
| 250 | _a2009 | ||
| 260 |
_aNew Delhi _bNISCAIR |
||
| 300 | _axix,280,28 | ||
| 650 | _aPHARMACOGNOSY | ||
| 942 |
_2ddc _cREF |
||
| 999 |
_c12070 _d12070 |
||